000 00578cam a2200193 4500
001 14792
005 20230410101950.0
008 060907n1995 dr spa
035 _9funglode14917
041 _aspa
050 1 4 _a118 F 1938.58
_bB171A 1995
100 1 _aAyuso, Juan José
245 1 0 _aBalaguer (notas cotidianas para un ensayo) /
_cJuan Josè Ayuso
260 _aSanto Domingo :
_bEditora Talller,
_c1995
300 _a104 p.
600 1 0 _aBalaguer, Joaquín,
_d1906-2002.
651 0 _aDominican Republic
_xPolitics and government
_d1961-
942 _2lcc
_cbk
999 _c16531
_d16531